| 000 | 00498nam a2200169Ia 4500 | ||
|---|---|---|---|
| 003 | GCL | ||
| 008 | 140319s9999 xx 000 0 eng d | ||
| 040 |
_aGCL / _cGCL |
||
| 082 | 0 | 4 |
_a320.509034 _bJ D |
| 100 | 1 | _aDE JOUVENEL, BERTRAND | |
| 245 | 1 | 0 |
_aLES DEBUTS DE L'ETAT MODERNE: UNE HISTOIRE DES IDEES POLITIQUES AU XIX SIECLE / _cDE JOUVENEL, BERTRAND |
| 260 |
_a[S.N] : _bFAYARD ، _c1976 |
||
| 300 | _a338 P | ||
| 650 | 0 | 4 | _aنايل سات |
| 650 | 0 | 4 | _aPOLITICAL IDEOLOGY |
| 942 |
_2ddc _cBK |
||
| 999 |
_c24951 _d24951 |
||